Карл Брюллов (Запись № 10455308)

Подробности
000 -МАРКЕР
контрольное поле 01775nam0a2200361 4500
001 - ИДЕНТИФИКАТОР ЗАПИСИ
контрольное поле RU\NLR\BIBL_A\010260276
005 - ИДЕНТИФИКАТОР ВЕРСИИ
контрольное поле 20260408165920.0
010 ## - МЕЖДУНАРОДНЫЙ СТАНДАРТНЫЙ НОМЕР КНИГИ (ISBN)
Номер (ISBN) 978-5-93332-450-8
035 ## - ДРУГИЕ СИСТЕМНЫЕ НОМЕРА
Идентификатор записи (NLR Aleph) 010260276
100 ## - ДАННЫЕ ОБЩЕЙ ОБРАБОТКИ
Данные общей обработки 20140320d2013 u y0rusy50 ca
101 0# - ЯЗЫК РЕСУРСА
Язык текста, звукозаписи и т.д. русский
102 ## - СТРАНА ПУБЛИКАЦИИ ИЛИ ПРОИЗВОДСТВА
Страна публикации Российская Федерация
105 ## - ПОЛЕ КОДИРОВАННЫХ ДАННЫХ: ТЕКСТОВЫЕ МАТЕРИАЛЫ, МОНОГРАФИЧЕСКИЕ
Кодированные данные о монографическом текстовом документе ac||b|||000yy
200 1# - ЗАГЛАВИЕ И СВЕДЕНИЯ ОБ ОТВЕТСТВЕННОСТИ
Основное заглавие Карл Брюллов
Сведения, относящиеся к заглавию из частных коллекций Москвы и Санкт-Петербурга
-- [каталог произведений
Первые сведения об ответственности авт. ст., аннот. и сост.: Григорий Голдовский]
210 ## - ПУБЛИКАЦИЯ, РАСПРОСТРАНЕНИЕ И ДР.
Место издания, распространения и т.д. Санкт-Петербург
Имя издателя, распространителя и т. д. Palace Editions
Дата издания, распространения и т.д. 2013
215 ## - ФИЗИЧЕСКАЯ ХАРАКТЕРИСТИКА
Специфическое обозначение материала и объем 111, [1] с.
Другие сведения о физической характеристике ил., цв. ил., портр.
Размеры 32
225 1# - СЕРИЯ
Основное заглавие серии Альманах
Сведения об ответственности Русский музей
Обозначение тома вып. 386
320 ## - ПРИМЕЧАНИЯ О НАЛИЧИИ В ДОКУМЕНТЕ БИБЛИОГРАФИИ / УКАЗАТЕЛЯ
Текст примечания Библиогр. в тексте
600 #1 - ИМЯ ЛИЦА КАК ПРЕДМЕТ
Начальный элемент ввода Брюллов
Часть имени, кроме начального элемента ввода К. П.
Даты 1799 - 1852
Расширение инициалов личного имени Карл Павлович
Формальный подзаголовок Каталоги
Системный номер авторитетной/нормативной записи 1180850
Идентификатор авторитетной/нормативной записи RU\NLR\AUTH\66157515
606 ## - НАИМЕНОВАНИЕ ТЕМЫ КАК ПРЕДМЕТ
Наименование темы Коллекционирование (иск.)
Географический подзаголовок Россия
Формальный подзаголовок Каталоги
Идентификатор авторитетной/нормативной записи RU\NLR\AUTH\66551295
Системный номер авторитетной/нормативной записи 1326298
686 1# - ИНДЕКСЫ ДРУГИХ КЛАССИФИКАЦИЙ
Индекс Щ101г(2Р)л61
686 1# - ИНДЕКСЫ ДРУГИХ КЛАССИФИКАЦИЙ
Индекс Щ143(2Р=Рус)51-8Брюллов л61
686 1# - ИНДЕКСЫ ДРУГИХ КЛАССИФИКАЦИЙ
Индекс Щ153(2Р=Рус)51-8Брюллов л61
702 #1 - ИМЯ ЛИЦА - ВТОРИЧНАЯ ОТВЕТСТВЕННОСТЬ
Начальный элемент ввода Голдовский
Часть имени, кроме начального элемента ввода Г.Н.
Расширение инициалов личного имени Григорий Наумович
Код отношения Составитель
702 #1 - ИМЯ ЛИЦА - ВТОРИЧНАЯ ОТВЕТСТВЕННОСТЬ
Код отношения Прочие
Материалы, к которым относится поле rus
Графика поля Кириллица
Начальный элемент ввода Брюллов
Часть имени, кроме начального элемента ввода К. П.
Дополнения к именам, кроме дат художник
Даты 1799-1852
Расширение инициалов личного имени Карл Павлович
Идентификатор авторитетной/нормативной записи RU\NLR\AUTH\7788672
Системный номер авторитетной/нормативной записи 71600
712 02 - НАИМЕНОВАНИЕ ОРГАНИЗАЦИИ - ВТОРИЧНАЯ ОТВЕТСТВЕННОСТЬ
Код отношения Прочие
Начальный элемент ввода Государственный Русский музей
Идентифицирующий признак Санкт-Петербург
Идентификатор авторитетной/нормативной записи RU\NLR\AUTH\883719
Системный номер авторитетной/нормативной записи 278750
942 ## - ДОПОЛНИТЕЛЬНЫЕ ЭЛЕМЕНТЫ ЗАПИСИ (АБИС)
Тип экземпляра АБИС Книга
980 ## - КОЛЛЕКЦИЯ
Название коллекции НБР
980 ## - КОЛЛЕКЦИЯ
Название коллекции Национальная библиография

Нет доступных экземпляров.